Discurso leído ante el claustro de la Universidad Central por Genaro López Sánchez en el acto solemne de recibir la investidura de doctor en la Facultad de Derecho, sección de Derecho civil y canónico. (Record no. 158064)
[ view plain ]
| 000 -LEADER | |
|---|---|
| campo de control de longitud fija | 00947nam a22001815i 4500 |
| 001 - NÚMERO DE CONTROL | |
| campo de control | 158064 |
| 003 - IDENTIFICADOR DE NÚMERO DE CONTROL | |
| campo de control | ES-MaACL |
| 005 - FECHA Y HORA DE LA ÚLTIMA TRANSACCIÓN | |
| campo de control | 20240203062550.0 |
| 008 - DATOS DE LONGITUD FIJA--INFORMACIÓN GENERAL | |
| campo de control de longitud fija | 960320s1867 sp |||| | spa d |
| 040 ## - FUENTE DE CATALOGACIÓN | |
| Centro catalogador/agencia de origen | CLM |
| Lengua de catalogación | spa |
| Centro/agencia transcriptor | CCPB | SIC |
| 100 1# - ENTRADA PRINCIPAL--NOMBRE DE PERSONA | |
| Nombre de persona | López Sánchez, Genaro. |
| 9 (RLIN) | 129228 |
| 245 10 - MENCIÓN DEL TÍTULO | |
| Título | Discurso leído ante el claustro de la Universidad Central por Genaro López Sánchez en el acto solemne de recibir la investidura de doctor en la Facultad de Derecho, sección de Derecho civil y canónico. |
| 260 ## - PUBLICACIÓN, DISTRIBUCIÓN, ETC. | |
| Lugar de publicación, distribución, etc. | Madrid : |
| Nombre del editor, distribuidor, etc. | [s.n.], |
| Fecha de publicación, distribución, etc. | 1867 ( |
| Fabricante | Imprenta de Manuel Galiano) |
| 300 ## - DESCRIPCIÓN FÍSICA | |
| Extensión | 26 p. ; |
| Dimensiones | 26 cm. |
| 710 20 - ENTRADA AGREGADA--NOMBRE DE ENTIDAD CORPORATIVA | |
| Nombre de entidad corporativa o nombre de jurisdicción como elemento de entrada | Universidad Central (Madrid) |
| 9 (RLIN) | 7084 |
| 852 ## - LOCALIZACIÓN | |
| Ubicación | ES-MaACL |
| Número de control de estantería | Fol-Laf-111 |
| Nota libre | -- Rust. |
| -- | -- Legado M. de la Fuente |
| Encuadernación | -- Edic.: Tit. del discurso: "¿Deben reputarse por mejoras de tercio y quinto las donaciones simples que haga el padre a cualquiera de sus descendientes sin expresar que quiere mejorarlos? |
| Estatus retirado | Estado de pérdida | Estado de daño | No para préstamo | Colección | Biblioteca de origen | Biblioteca actual | Ubicación en estantería | Fecha de adquisición | Fuente de adquisición | Total de préstamos | Signatura topográfica completa | Código de barras | Visto por última vez | Precio de reemplazo | Tipo de ítem Koha |
|---|---|---|---|---|---|---|---|---|---|---|---|---|---|---|---|
| Colección de folletos | Biblioteca del Ateneo de Madrid | Biblioteca del Ateneo de Madrid | Depósito folletos | 17/01/2008 | Fol-Laf-111 | 1165428 | 23/02/2023 | 23/02/2023 | Folleto |
